[Event "DVM U20 2024"]
[Site "Breisach am Rhein GER"]
[Date "2024.12.30"]
[Round "7"]
[White "Spillner, Ladis"]
[Black "Paringer, Jakob"]
[Result "1-0"]
[Termination "normal"]
[Board "6.6"]
[WhiteElo "1752"]
[BlackElo "1531"]
[WhiteTeam "SK Freiburg-Zähringen 1887"]
[BlackTeam "FC Ergolding 1932"]
[PlyCount "89"]
[WhiteFideId "16217764"]
[BlackFideId "34605134"]
[EventCountry "GER"]
[EventRounds "7"]
[EventType "team-swiss"]
[EventDate "2024.12.26"]

1. d4 Nf6 2. Bf4 d5 3. e3 Bf5 4. Nf3 e6 5. Bd3 Bg6 6. c4 c5 7. Bxg6 hxg6 8. Qb3
b6 9. Nc3 Nh5 10. cxd5 Nxf4 11. exf4 exd5 12. O-O Be7 13. Qxd5 Nd7 14. Rfe1 O-O
15. Rad1 Bf6 16. Ne5 Nxe5 17. fxe5 Be7 18. e6 f5 19. dxc5 bxc5 20. Qxd8 Rfxd8
21. Nd5 Kf8 22. g3 Rac8 23. h4 Rc6 24. Nf4 Rcd6 25. Nxg6+ Ke8 26. Rxd6 Rxd6 27.
Nxe7 Kxe7 28. Kf1 Rd2 29. Re2 Rd5 30. Kg2 g6 31. Kf3 Rd4 32. Re5 Rc4 33. b3 Rc2
34. Re2 Rxe2 35. Kxe2 Kxe6 36. f3 a6 37. Kd3 Kd5 38. g4 Ke5 39. h5 gxh5 40.
gxh5 Kf6 41. f4 Kg7 42. Kc4 Kh6 43. Kxc5 Kxh5 44. Kd5 Kg4 45. Ke5 1-0

[Event "DVM U20 2024"]
[Site "Breisach am Rhein GER"]
[Date "2024.12.30"]
[Round "7"]
[White "Koll, Linus"]
[Black "Neves, Carlos"]
[Result "0-1"]
[Termination "normal"]
[Board "7.1"]
[WhiteElo "2041"]
[BlackElo "1879"]
[WhiteTeam "Karlsruher SF 1853"]
[BlackTeam "OSG Baden-Baden"]
[PlyCount "32"]
[WhiteFideId "12990299"]
[BlackFideId "16258320"]
[EventCountry "GER"]
[EventRounds "7"]
[EventType "team-swiss"]
[EventDate "2024.12.26"]

1. e4 e6 2. b3 d5 3. Bb2 Nf6 4. e5 Nfd7 5. f4 c5 6. Qg4 h5 7. Qg3 h4 8. Qg4 Nc6
9. Nf3 a6 10. a4 Qb6 11. Bc3 Nd4 12. Bxd4 cxd4 13. Nxh4 d3 14. Bxd3 Qd4 15. Nc3
Nxe5 16. Nf3 Qxc3 0-1

[Event "DVM U20 2024"]
[Site "Breisach am Rhein GER"]
[Date "2024.12.30"]
[Round "7"]
[White "Uhlmann, Jonas"]
[Black "Gülsen, Sinan Yilmaz"]
[Result "1-0"]
[Termination "normal"]
[Board "7.2"]
[WhiteElo "1850"]
[BlackElo "1862"]
[WhiteTeam "OSG Baden-Baden"]
[BlackTeam "Karlsruher SF 1853"]
[PlyCount "93"]
[WhiteFideId "16258576"]
[BlackFideId "34606017"]
[EventCountry "GER"]
[EventRounds "7"]
[EventType "team-swiss"]
[EventDate "2024.12.26"]

1. c4 c5 2. g3 Nf6 3. Bg2 d5 4. cxd5 Nxd5 5. Nc3 Nc7 6. d3 Nc6 7. Nf3 e5 8. O-O
Be7 9. Nd2 Bd7 10. Nc4 f6 11. f4 b5 12. Ne3 exf4 13. Rxf4 Ne6 14. Rf1 Nc7 15.
Ned5 Nxd5 16. Nxd5 Bd6 17. Bf4 Bxf4 18. Nxf4 Rc8 19. e4 Qe7 20. Qh5+ Qf7 21.
Qxc5 Ne5 22. Qxa7 O-O 23. d4 Nc4 24. d5 Rfe8 25. Qd4 Nd6 26. Rad1 Rc4 27. Qd3
f5 28. Ne6 Nxe4 29. Bxe4 Rxe4 30. Ng5 Qh5 31. Nxe4 fxe4 32. Qe3 Bh3 33. Rfe1
Qe5 34. Qd4 Qf5 35. Qf2 Qh5 36. Qe3 Qe5 37. Rd4 Bf5 38. d6 Rd8 39. Red1 g6 40.
Rd5 Qf6 41. Rxb5 Rxd6 42. Rb8+ Kg7 43. Rb7+ Kg8 44. Qb3+ Re6 45. Qd5 Qf8 46.
Qd7 Qc5+ 47. Kh1 1-0

[Event "DVM U20 2024"]
[Site "Breisach am Rhein GER"]
[Date "2024.12.30"]
[Round "7"]
[White "Haug, Mara"]
[Black "Yin, Vito"]
[Result "1/2-1/2"]
[Termination "normal"]
[Board "7.3"]
[WhiteElo "1948"]
[BlackElo "1845"]
[WhiteTeam "Karlsruher SF 1853"]
[BlackTeam "OSG Baden-Baden"]
[PlyCount "50"]
[WhiteFideId "16259300"]
[BlackFideId "34601759"]
[EventCountry "GER"]
[EventRounds "7"]
[EventType "team-swiss"]
[EventDate "2024.12.26"]

1. e4 c5 2. Nf3 d6 3. d4 cxd4 4. Nxd4 Nf6 5. Nc3 a6 6. h3 b5 7. g4 Bb7 8. Bg2
g6 9. Be3 Bg7 10. Qd2 Nbd7 11. g5 Nh5 12. Bf3 Ne5 13. Bxh5 Nc4 14. Qc1 gxh5 15.
f3 Qb6 16. Nf5 Bxc3+ 17. bxc3 Nxe3 18. Qxe3 Qxe3+ 19. Nxe3 Rc8 20. Ke2 e6 21.
Rab1 Rc5 22. h4 d5 23. e5 Kd7 24. Kd3 Re8 25. Kd4 Rec8 1/2-1/2

[Event "DVM U20 2024"]
[Site "Breisach am Rhein GER"]
[Date "2024.12.30"]
[Round "7"]
[White "Stankovic, David"]
[Black "Hoffmann, Alexander"]
[Result "0-1"]
[Termination "normal"]
[Board "7.4"]
[WhiteElo "1677"]
[BlackElo "1905"]
[WhiteTeam "OSG Baden-Baden"]
[BlackTeam "Karlsruher SF 1853"]
[PlyCount "34"]
[WhiteFideId "16240685"]
[BlackFideId "16240219"]
[EventCountry "GER"]
[EventRounds "7"]
[EventType "team-swiss"]
[EventDate "2024.12.26"]

1. e4 c5 2. f4 Nc6 3. Bc4 d6 4. Nf3 Nf6 5. d3 e6 6. Qe2 d5 7. exd5 Nxd5 8. O-O
Be7 9. Bxd5 exd5 10. c3 O-O 11. Ne5 Bf6 12. Nxc6 bxc6 13. Qf2 Qb6 14. Nd2 Bf5
15. Qf3 Bxd3 16. Re1 Rae8 17. Rxe8 Rxe8 0-1

[Event "DVM U20 2024"]
[Site "Breisach am Rhein GER"]
[Date "2024.12.30"]
[Round "7"]
[White "Fischer, Darja"]
[Black "Baihaghi, Arash"]
[Result "1-0"]
[Termination "normal"]
[Board "7.5"]
[WhiteElo "1841"]
[BlackElo "1693"]
[WhiteTeam "Karlsruher SF 1853"]
[BlackTeam "OSG Baden-Baden"]
[PlyCount "53"]
[WhiteFideId "16240898"]
[BlackFideId "34604979"]
[EventCountry "GER"]
[EventRounds "7"]
[EventType "team-swiss"]
[EventDate "2024.12.26"]

1. d4 d5 2. c4 e6 3. Nc3 Nf6 4. Bg5 Be7 5. cxd5 Nxd5 6. Bxe7 Nxe7 7. e4 b6 8.
Bc4 Bb7 9. Nge2 Nd7 10. O-O Nf6 11. f3 O-O 12. Qc2 Rc8 13. Rfd1 c6 14. Rac1 Qc7
15. b4 Rfd8 16. Qb2 a6 17. Kh1 Ng6 18. a4 e5 19. Bb3 exd4 20. Nxd4 c5 21. bxc5
Qxc5 22. Nd5 Qd6 23. Nf5 Qf8 24. Nxf6+ gxf6 25. Qxf6 Rxd1+ 26. Rxd1 Bc6 27.
Bxf7+ 1-0

[Event "DVM U20 2024"]
[Site "Breisach am Rhein GER"]
[Date "2024.12.30"]
[Round "7"]
[White "Baihaghi, Aryana"]
[Black "Khachaturyan, Konstantin"]
[Result "1/2-1/2"]
[Termination "normal"]
[Board "7.6"]
[WhiteElo "1736"]
[BlackElo "1807"]
[WhiteTeam "OSG Baden-Baden"]
[BlackTeam "Karlsruher SF 1853"]
[PlyCount "55"]
[WhiteFideId "34604960"]
[BlackFideId "16239083"]
[EventCountry "GER"]
[EventRounds "7"]
[EventType "team-swiss"]
[EventDate "2024.12.26"]

1. e4 c6 2. Nf3 d5 3. exd5 cxd5 4. d4 Bg4 5. Bf4 e6 6. Be2 Bxf3 7. Bxf3 Nf6 8.
O-O Be7 9. c4 Nc6 10. c5 O-O 11. Nc3 b6 12. Qa4 Qd7 13. Be2 bxc5 14. Bb5 Rac8
15. Ba6 Nxd4 16. Qxd7 Nxd7 17. Bxc8 Rxc8 18. Rae1 Kf8 19. Rc1 Rc6 20. Rfe1 g5
21. Be3 Nf5 22. Bd2 Nb6 23. b3 Nd4 24. Be3 Nf5 25. Bd2 Nd4 26. Be3 Nf5 27. Bd2
Nd4 28. Be3 1/2-1/2

[Event "DVM U20 2024"]
[Site "Breisach am Rhein GER"]
[Date "2024.12.30"]
[Round "7"]
[White "Gallas, Noel"]
[Black "Liebold, Aaron"]
[Result "1-0"]
[Termination "normal"]
[Board "8.1"]
[WhiteElo "2115"]
[BlackElo "2070"]
[WhiteTeam "SF Essen-Katernberg 04/32"]
[BlackTeam "ESV Gera"]
[PlyCount "41"]
[WhiteFideId "16216059"]
[BlackFideId "12997846"]
[EventCountry "GER"]
[EventRounds "7"]
[EventType "team-swiss"]
[EventDate "2024.12.26"]

1. e4 c5 2. Nc3 d6 3. Bb5+ Nd7 4. a4 a6 5. Bc4 Ngf6 6. f4 e6 7. d3 Be7 8. Nf3
b6 9. O-O Bb7 10. Qe1 O-O 11. Ba2 Re8 12. Qg3 Nf8 13. f5 Bc8 14. Bh6 Nh5 15.
Qg4 g6 16. Ng5 Bxg5 17. Bxg5 f6 18. Bh6 Ng7 19. Qf3 Kf7 20. e5 Nxf5 21. Bxf8
1-0

[Event "DVM U20 2024"]
[Site "Breisach am Rhein GER"]
[Date "2024.12.30"]
[Round "7"]
[White "Helmsdorf, Marius"]
[Black "Jahrke, Jonas"]
[Result "1/2-1/2"]
[Termination "normal"]
[Board "8.2"]
[WhiteElo "1967"]
[BlackElo "1881"]
[WhiteTeam "ESV Gera"]
[BlackTeam "SF Essen-Katernberg 04/32"]
[PlyCount "83"]
[WhiteFideId "16274873"]
[BlackFideId "12984353"]
[EventCountry "GER"]
[EventRounds "7"]
[EventType "team-swiss"]
[EventDate "2024.12.26"]

1. d4 Nf6 2. Nc3 d5 3. Bf4 c5 4. e3 cxd4 5. exd4 Bg4 6. f3 Bd7 7. Nb5 Bxb5 8.
Bxb5+ Nc6 9. c3 e6 10. h4 Bd6 11. Ne2 a6 12. Bxc6+ bxc6 13. g4 h5 14. g5 Ng8
15. g6 f6 16. Qd3 Bxf4 17. Nxf4 Qd6 18. Qe3 Kd7 19. O-O-O e5 20. dxe5 Qxe5 21.
Rhe1 Qxe3+ 22. Rxe3 Ne7 23. c4 Nf5 24. Re2 d4 25. Ne6 Rhe8 26. Nxd4 Rxe2 27.
Nxe2+ Kc7 28. Nf4 Nxh4 29. Ne6+ Kb6 30. b4 Nxg6 31. c5+ Kb7 32. Rd7+ Kc8 33.
Rd8+ Kb7 34. Rd7+ Kc8 35. Rc7+ Kb8 36. Rxg7 Ne5 37. Kc2 Nxf3 38. Rf7 Ng5 39.
Rxf6 Nxe6 40. Rxe6 a5 41. a3 axb4 42. axb4 1/2-1/2

[Event "DVM U20 2024"]
[Site "Breisach am Rhein GER"]
[Date "2024.12.30"]
[Round "7"]
[White "Rasch, Lukas"]
[Black "Barz, Henrik"]
[Result "1/2-1/2"]
[Termination "normal"]
[Board "8.3"]
[WhiteElo "1771"]
[BlackElo "1735"]
[WhiteTeam "SF Essen-Katernberg 04/32"]
[BlackTeam "ESV Gera"]
[PlyCount "45"]
[WhiteFideId "16272072"]
[BlackFideId "34628320"]
[EventCountry "GER"]
[EventRounds "7"]
[EventType "team-swiss"]
[EventDate "2024.12.26"]

1. e4 e6 2. d4 d5 3. exd5 exd5 4. Nc3 c6 5. Bd3 Bd6 6. Nge2 Bg4 7. f3 Bh5 8.
Bf4 Qc7 9. Qd2 Nd7 10. a3 Ne7 11. Bxd6 Qxd6 12. Qf4 Qxf4 13. Nxf4 Bg6 14. Kd2
Bxd3 15. Nxd3 O-O-O 16. Ne2 Nf5 17. g4 Nd6 18. b3 h5 19. h3 g5 20. Rae1 Rde8
21. Ref1 f5 22. Nc3 f4 23. a4 1/2-1/2

[Event "DVM U20 2024"]
[Site "Breisach am Rhein GER"]
[Date "2024.12.30"]
[Round "7"]
[White "Hanmuradov, Ülwi"]
[Black "Beetz, Ole"]
[Result "1/2-1/2"]
[Termination "normal"]
[Board "8.4"]
[WhiteElo "1826"]
[BlackElo "1788"]
[WhiteTeam "ESV Gera"]
[BlackTeam "SF Essen-Katernberg 04/32"]
[PlyCount "99"]
[WhiteFideId "34658840"]
[BlackFideId "34628339"]
[EventCountry "GER"]
[EventRounds "7"]
[EventType "team-swiss"]
[EventDate "2024.12.26"]

1. d4 Nf6 2. c4 e6 3. Nf3 Bb4+ 4. Bd2 c5 5. e3 b6 6. Be2 Bb7 7. O-O Bxd2 8.
Nbxd2 O-O 9. Qc2 Na6 10. a3 Rc8 11. Rac1 d5 12. Qa4 Qe8 13. Qb3 cxd4 14. exd4
dxc4 15. Nxc4 Qe7 16. Qa4 Qe8 17. Qxe8 Nxe8 18. Nfe5 Rd8 19. Bf3 Bxf3 20. Nxf3
Nf6 21. Rfd1 Nd5 22. Ne3 Rd6 23. Rc2 Rfd8 24. Rcd2 Rc6 25. Kf1 Kf8 26. Ke2 Nb8
27. Ne5 Rcc8 28. Rc2 Rxc2+ 29. Nxc2 Nd7 30. Kf3 N7f6 31. Ne3 Rc8 32. Rd2 a5 33.
Rc2 Rxc2 34. Nxc2 Ke7 35. Nc6+ Ke8 36. Ne5 Nd7 37. Nxd7 Kxd7 38. Ke4 Kd6 39. g4
Nf6+ 40. Kf4 Kd5 41. b3 Ne4 42. Ke3 b5 43. f3 Nd6 44. Kd3 g5 45. Ne3+ Kc6 46.
Kc3 f5 47. d5+ exd5 48. Nxf5 Nb7 49. Kd4 Nc5 50. b4 1/2-1/2

[Event "DVM U20 2024"]
[Site "Breisach am Rhein GER"]
[Date "2024.12.30"]
[Round "7"]
[White "Becker, Samuel"]
[Black "Frank, Marian"]
[Result "0-1"]
[Termination "normal"]
[Board "8.5"]
[WhiteElo "1751"]
[BlackElo "1747"]
[WhiteTeam "SF Essen-Katernberg 04/32"]
[BlackTeam "ESV Gera"]
[PlyCount "86"]
[WhiteFideId "16271653"]
[BlackFideId "16245059"]
[EventCountry "GER"]
[EventRounds "7"]
[EventType "team-swiss"]
[EventDate "2024.12.26"]

1. e4 e5 2. Nf3 Nc6 3. Bb5 a6 4. Bxc6 dxc6 5. d4 Bg4 6. dxe5 Qxd1+ 7. Kxd1
O-O-O+ 8. Ke2 Bc5 9. Be3 Bxe3 10. Kxe3 Ne7 11. Ng5 Bh5 12. g4 h6 13. Ne6 fxe6
14. gxh5 g5 15. hxg6 Nxg6 16. f4 Rhf8 17. Rf1 Nxe5 18. Ke2 Ng6 19. Ke3 Rf7 20.
Nc3 Rdf8 21. Ne2 c5 22. b3 Kd7 23. Rf2 Ne5 24. h3 Nc6 25. Rd1+ Ke7 26. a3 Rg8
27. Rd3 b6 28. Kf3 Ne5+ 29. Ke3 Nxd3 30. Kxd3 Rfg7 31. Rf3 Rg2 32. f5 a5 33. a4
Rh2 34. Nc3 c6 35. Ne2 Rd8+ 36. Ke3 Rd1 37. f6+ Kf7 38. Ng3 Rxh3 39. Ke2 Rc1
40. Rd3 Rxc2+ 41. Ke1 Rg2 42. Rd7+ Kxf6 43. Rd6 Kg5 0-1

[Event "DVM U20 2024"]
[Site "Breisach am Rhein GER"]
[Date "2024.12.30"]
[Round "7"]
[White "Schulter, Moritz"]
[Black "Springmann, Simon"]
[Result "1-0"]
[Termination "normal"]
[Board "8.6"]
[WhiteElo "1762"]
[BlackElo "1464"]
[WhiteTeam "ESV Gera"]
[BlackTeam "SF Essen-Katernberg 04/32"]
[PlyCount "87"]
[WhiteFideId "16245067"]
[BlackFideId "533025096"]
[EventCountry "GER"]
[EventRounds "7"]
[EventType "team-swiss"]
[EventDate "2024.12.26"]

1. c4 c5 2. g3 g6 3. Bg2 Bg7 4. Nc3 Nc6 5. Nf3 e5 6. O-O Nge7 7. d3 O-O 8. Bd2
h6 9. a3 d6 10. Rb1 a5 11. Nb5 Be6 12. Qc1 Kh7 13. e3 Qd7 14. Ne1 Na7 15. b4
cxb4 16. Nxa7 Rxa7 17. axb4 a4 18. Nc2 d5 19. Na3 Rc8 20. Rd1 dxc4 21. dxc4 Qe8
22. Nb5 Rxc4 23. Nxa7 Rxc1 24. Bxc1 b5 25. Ba3 Bc4 26. Rd2 f5 27. Rbd1 e4 28.
Bf1 Qf7 29. Nxb5 Bxf1 30. Rxf1 Qc4 31. Nd6 Qb3 32. Nb5 Nc6 33. Rdd1 Ne5 34. Rb1
Nf3+ 35. Kg2 Qc4 36. Nd6 Qc6 37. b5 Qd5 38. b6 Qa8 39. b7 Qb8 40. Rfc1 Be5 41.
Rc8 Bxd6 42. Bxd6 Ne1+ 43. Rxe1 Qxb7 44. Rc7+ 1-0